Po Prieložného odstúpení zostal jediný bývalý reprezentačný nahrávač Marek Kardoš odštartoval svoju trénerskú púť v Poľsku - v pútnickom meste Čenstochová

Bibliographic Details
Main Authors: Kubiš, Pavol (Author, Interviewer), Kardoš, Marek, 1974- (Author)
Format: Article
Language:Slovak
PhysicalDescription:Fotogr.
ISSN:0139-7001
Subjects:
Online Access:http://denniksport.sk/article/156006/marek-kardos-zostal-jediny

MARC

LEADER 00000nab a2200000 ar4500
001 vtls010196736
003 SK-MaSNL
005 20260303192606.0
008 101210c20101203xo |||||||||||000 b|slo
015 |a SNBRB2010/12  |2 snkbucl 
038 |a SNKBUCL 
040 |a SNKBUCL  |b slo  |c SNKBUCL  |e AACR2 
041 0 |a slo 
044 |a xo  |c SK 
080 |a 796.325.071  |2 2001 
080 |a 929 Kardoš, Marek  |2 2001 
100 1 |a Kubiš, Pavol  |4 ivr  |4 aut  |9 219206 
245 1 0 |a Po Prieložného odstúpení zostal jediný  |b bývalý reprezentačný nahrávač Marek Kardoš odštartoval svoju trénerskú púť v Poľsku - v pútnickom meste Čenstochová  |c [zhováral sa] Pavol Kubiš 
300 |b Fotogr. 
650 0 7 |a volejbal  |2 snkbucl  |9 3294 
655 7 |a rozhovory  |2 snkbucl  |9 31831 
700 1 |a Kardoš, Marek,  |d 1974-  |4 ive  |4 aut  |9 904347 
773 0 |t Šport  |g Roč. 64, č. 278 (3.12.2010), s. 36-37  |x 0139-7001 
852 |a SNK  |b KIS3GCP 
856 4 1 |u http://denniksport.sk/article/156006/marek-kardos-zostal-jediny 
958 |a BX 
999 |c 2147249  |d 2149179